| 000 | 00924nam a22002297a 4500 | ||
|---|---|---|---|
| 005 | 20170124110032.0 | ||
| 010 | _a195822 | ||
| 020 | _c00.00 | ||
| 035 | _a195822 | ||
| 037 | _bCen Lib/Ret | ||
| 040 |
_aDPL _bEN |
||
| 082 |
_a301.32 _bPOP |
||
| 245 |
_aPopulation control : _cedited by Melvin G. Shimm [and] Robinson O. Everett _bthe imminent world crisis / |
||
| 260 |
_aAmerica _bOcean Publications _c1961 |
||
| 270 | _bAmerica | ||
| 300 |
_a253p. _c21cm(Hb) |
||
| 650 |
_aSociology _921974 |
||
| 650 |
_aWorld population growth _921975 |
||
| 700 |
_aShimm, Melvin G. _921976 |
||
| 700 |
_aEverett, Robinson O. _921977 |
||
| 942 |
_2ddc _cEN _h301.32 _mPOP |
||
| 999 |
_c127939 _d127939 |
||